Santi patroni d'Italia - Statistics

Statistiche generali
  • Questo quiz è stato fatto 392 volte
  • Il punteggio medio è 9 su 14
Statistiche sulle risposte
Luogo Santo % Corretto
Napoli San Gennaro
92%
Italia San Francesco d'Assisi / Santa Caterina da Siena
90%
Milano Sant'Ambrogio
85%
Venezia San Marco
82%
Roma San Pietro / San Paolo
81%
Bari San Nicola
80%
Padova Sant'Antonio
77%
Norcia San Benedetto
68%
Siena Santa Caterina da Siena
56%
Palermo Santa Rosalia
54%
Bologna San Petronio / Santa Caterina da Bologna
36%
Firenze San Giovanni Battista
32%
Trieste San Giusto
26%
Ancona San Ciriaco
16%
Nessun quiz corrispondente trovato
Distribuzione punteggi
Percentuale di utenti per punteggio
Percentile per numero di risposta
I tuoi punteggi nel tempo
Non hai fatto questo quiz